| 000 -LEADER | |
|---|---|
| fixed length control field | 00362nam a22001457a 4500 |
| 020 ## - INTERNATIONAL STANDARD BOOK NUMBER | |
| ISBN | 9781593282271 |
| 050 ## - LIBRARY OF CONGRESS CALL NUMBER | |
| Classification number | BV 4811 gra |
| 100 ## - MAIN ENTRY--AUTHOR NAME | |
| Personal name | GRAHAM, Billy |
| 245 ## - TITLE STATEMENT | |
| Title | Unto the hills: 366 daily devotionals |
| 260 ## - PUBLICATION, DISTRIBUTION, ETC. (IMPRINT) | |
| Place of publication | Nashville, TN |
| Name of publisher | W. Publishing Group |
| Year of publication | 1996 |
| 300 ## - PHYSICAL DESCRIPTION | |
| Number of Pages | vi, 426p. |
| 650 ## - SUBJECT ADDED ENTRY--TOPICAL TERM | |
| Topical Term | Devotional Calendars |
| 942 ## - ADDED ENTRY ELEMENTS (KOHA) | |
| Koha item type | Books |
| 988 ## - PAGINATION/EXTENT | |
| PAGINATION/EXTENT | vi, 426p. |
| Koha item type | Collection code | Shelving location | Accession Number | Permanent Location | Current Location | Date acquired | Full call number |
|---|---|---|---|---|---|---|---|
| Books | Lending | Lending | 3788 | Chapman Library | Chapman Library | 2017-02-11 | vi, 426p. |

